| 000 | 01063nam a2200253 i 4500 | ||
|---|---|---|---|
| 001 | 67479 | ||
| 003 | ES-MaACL | ||
| 005 | 20250928093909.0 | ||
| 007 | t| | ||
| 008 | 040601s2003 sp ||||0| spa d | ||
| 020 | _a84-95486-71-7 | ||
| 040 |
_aM-BN _bspa _cM-BN |
||
| 080 | _a821.134.2 Garcilaso de la Vega 1.07(063) | ||
| 245 | 0 | 0 |
_aGarcilaso y su época _b: del amor y la guerra / _ceditores, José María Díez Borque, Luis Ribot García. |
| 260 |
_aMadrid : _bSociedad Estatal de Conmemoraciones Culturales, _c2003. |
||
| 300 |
_a273 p. ; _c24 cm. |
||
| 500 | _aActas del ciclo de conferencias "Garcilaso y su época: del amor y la guerra", en el marco de la Fundación Thyssen Bornemisza. | ||
| 600 | 1 | 7 |
_aGarcilaso de la Vega, _d1501-1536- _xCrítica e interpretación _2 _9150105 |
| 700 | 1 |
_aDíez Borque, José María, _d1947- _944682 |
|
| 700 | 1 |
_aRibot García, Luis Antonio. _996839 |
|
| 710 | 2 |
_aSociedad Estatal de Conmemoraciones Culturales (España) _9134893 |
|
| 852 |
_aES-MaACL _jL-27715 _bR.133578 |
||
| 999 |
_c67479 _d67479 |
||